Lengua y prácticas del lenguaje c /

Guardado en:
Autor Principal: Arias, Ana
Formato: Libro
Publicado: Buenos Aires : Aique, 2008
Series:Secundaria
Materias:
Etiquetas: Agregar Etiqueta
Sin Etiquetas, Sea el primero en etiquetar este registro!
LEADER 00966nam a22002295a 4500
001 CEM.cems012876
005 20080519140718.0
008 130507s2008##################000#0#####d
003 CEMS
020 |a 9789870601326 
082 0 4 |a 468 
100 1 |a Arias, Ana 
245 1 0 |a Lengua y prácticas del lenguaje c /  |c Ana Arias ... [et Al.] 
260 |a Buenos Aires :  |b Aique,  |c 2008 
300 |a 224 p. 
490 0 |a Secundaria 
500 |a Para Educación Secundaria Básica 
505 0 |a El cuento fantástico -- El artículo de divulgación científica -- El romance y la canción -- El texto periodístico informativo -- El cuento policial -- El texto periodístico de opinión -- La novela -- La entrevista -- El texto teatral -- Paradigma de la conjugación verbal -- Prácticas del lenguaje -- Antología 
653 |a Lengua 
653 |a Lengua-educación secundaria básica 
653 |a Lengua-egb 
859 |a CEMS  |b BIB. CEMS - 11 de abril  |h 468  |i Ar41  |p 25147.08  |t Ej.1